| 000 | 00698nam a2200229Ia 4500 | ||
|---|---|---|---|
| 003 | GCL | ||
| 008 | 140319s9999 xx 000 0 ara d | ||
| 040 |
_aGCL / _cGCL |
||
| 082 | 0 | 4 |
_a520 _bع ع |
| 100 | 1 | _aعلى حسن موسى | |
| 245 | 1 | 0 |
_aعلم الهيئة ( علم الفلك ) / _cعلى حسن موسى |
| 250 | _aالاولى | ||
| 260 |
_aسوريا : _bنور للطباعة والنشر والتوزيع ، _c2005 |
||
| 300 |
_a173 ص ؛ _c24 سم |
||
| 650 | 0 | 4 | _aالنجوم |
| 650 | 0 | 4 | _aالفلك |
| 650 | 0 | 4 | _aالكواكب |
| 650 | 0 | 4 | _aالفضاء الخارجى |
| 650 | 0 | 4 | _aالنظام الشمسى |
| 650 | 0 | 4 | _aالكونيات، علم |
| 942 |
_2ddc _cBK |
||
| 999 |
_c8508 _d8508 |
||